00778nam a22002297a 4500003000400000005001700004008004100021020001500062040003700077082001600114100002800130245014500158250000900303260006100312300001500373650002800388650002800416650001800444700002600462700003500488700002500523OSt20250728145913.0250728b |||||||| |||| 00| 0 eng d a8185099154 bEnglishcCentral Library IIT Goa a621.75bCHO aChoudhary, S. K. Hajara aElements of Workshop Technology Vol. II : bMachine Tools /c S. K. Hajara Choudhary ; S. K. Bose ; Amit Hazara Choudhury & ; Nirjhar Roy a16/e aMumbai :bMedia Promoters & Publishers Pvt. Ltd. ,c2023 axvii,720p. a Machine-shop practice  a Mechanical engineering aMachine-tools aBose, S. K. eauthor aChoudhury, Amit Hazaraeauthor aRoy, Nirjhareauthor